Tactical pilotage chart, TPC. M-28D, Brazil, 1991 /

Bibliographic Details
Corporate Author: Aerospace Center (U.S.)
Format: Government Document Map
Language:English
Published: St. Louis, Mo. : The Center ; [1992]
Edition:Ed. 1.
Subjects:

MARC

Tag First Indicator Second Indicator Subfields
LEADER 00000cem a2200000 a 4500
001 in00001069125
005 20150929103303.0
007 aj canzn
008 920310s1992 mougek cc a f 0 eng d
010 |a (DG92064808  
034 1 |a a  |b 500000  |d W0460000  |e W0400000  |f S0040000  |g S0080000 
035 |a (OCoLC)25422749 
035 |9 AFP6040AM 
037 |a TPCXXM 28 D  |b DMA 
040 |a GPO  |c GPO  |d DLC  |d UtOrBLW 
052 |a 9231 
074 |a 378-E-5 
086 0 |a D 5.354:TPC M-28 D/991 
090 |a G3201.P6 s500 .U5D4 TPC M-28D 
110 2 |a Aerospace Center (U.S.) 
245 1 0 |a Tactical pilotage chart, TPC.  |n M-28D,  |p Brazil, 1991 /  |c prepared and published by the Defense Mapping Agency Aerospace Center. 
250 |a Ed. 1. 
255 |a Scale 1:500,000 ;  |b Lambert conformal conic proj., standard parallels 120ʹ and 640ʹ (W 46--W 40/S 4--S 8). 
264 1 |a St. Louis, Mo. :  |b The Center ;  |c [1992] 
264 2 |a [Washington, D.C.] :  |b [DMA, Combat Support Center, DOA, distributor], 
300 |a 1 map :  |b color ;  |c 105 x 146 cm. folded to 27 x 37 cm. 
336 |a cartographic image  |b cri  |2 rdacontent 
337 |a unmediated  |b n  |2 rdamedia 
338 |a sheet  |b nb  |2 rdacarrier 
500 |a Relief shown by shading, tints, and spot heights. 
500 |a "Air information current through 15 July 1991." 
500 |a "Compiled May 1991." 
500 |a "Lithographed by DMMAC 1-92." 
500 |a Includes elevation tints and interchart relationship diagrams. 
500 |a Cartographic material. 
650 0 |a Aeronautical charts  |z Brazil. 
740 0 |a Brazil. 
740 0 |a Tactical pilotage chart. 
740 0 |a TPC. 
999 |a MARS 
999 f f |s 935adfae-ae34-3787-8513-2da8c0031100  |i 37dac17b-9888-3f14-ba38-5ed7f32a406e  |t 0 
952 f f |p normal  |a Texas A&M University  |b College Station  |c Sterling C. Evans Library  |d Evans: Maps (2nd floor)  |t 0  |e G3201.P6 s500 .U5D4 TPC M-28D  |h Library of Congress classification  |i unmediated -- sheet  |m A14818131333 
998 f f |a G3201.P6 s500 .U5D4 TPC M-28D  |t 0  |l Evans: Maps (2nd floor)